000 00713nam0a22002531 4500
001 rc\3775876
005 20250530043637.0
021 _aRU
_b[75-70137]
035 _a(NLR Aleph) 007223449
090 _a7704847
_c7704847
100 _a20120127d1975 |||y0rusy50 ca
101 1 _arus
_ckir
102 _aRU
105 _ay z |||a|
200 1 _aЖаворонок
_eСтихи
_eПер. с кирг.
210 _aМосква
_cПравда
_d1975
215 _a31 с.
_d16
225 1 _aБиблиотека "Огонек"
_v№ 29
700 1 _aДжусуев
_bС.
_f1925-
_gСооронбай
801 0 _aRU
_bNLR
_gpsbo
801 1 _aRU
_bELAR
_2rusmarc
852 _aNLR
_j75-2/1736
942 _cBOOK
980 _aNB